| 000 | 00428nam a2200181Ia 4500 | ||
|---|---|---|---|
| 001 | 4406 | ||
| 005 | 20260306145753.0 | ||
| 008 | 260306t2008||||xx |||||||||||||| ||spa|| | ||
| 041 | _aESP | ||
| 082 |
_a321.8 _bA32 2008 |
||
| 100 |
_aAguilar, Enrique _eAUT |
||
| 245 | 0 | _aAlexis de Tocqueville texto impreso | |
| 260 | _c2008 | ||
| 300 |
_a192 páginas : _ccm. |
||
| 650 | _aGEN | ||
| 654 | _aCDE | ||
| 942 |
_cLIB _dJUS _fJUS _2ddc _n |
||
| 999 |
_c4406 _d4406 |
||